书目信息 |
| 题名: |
微生物与水处理工程
|
|
| 作者: | 李军 , 杨秀山 , 彭永臻 编著 | |
| 分册: | ||
| 出版信息: | 北京 化学工业出版社 2002.09 |
|
| 页数: | 519页 | |
| 开本: | 26cm | |
| 丛书名: | ||
| 单 册: | ||
| 中图分类: | X703 | |
| 科图分类: | ||
| 主题词: | 废物 , 废物处理 , 废物综合利用 | |
| 电子资源: | ||
| ISBN: | 7-5025-3847-X | |
| 000 | 00722nam0 2200241 45 | |
| 001 | 0338291116 | |
| 005 | 2003032510381112 | |
| 010 | @a7-5025-3847-X@dCNY 68.00 | |
| 100 | @a20030325d2002 km y0chiy0120 ea | |
| 101 | 0 | @achi |
| 102 | @aCN@b110000 | |
| 200 | 1 | @a微生物与水处理工程@Awei sheng wu yu shui chu li gong cheng@f李军,杨秀山,彭永臻编著@FLi Jun,Yang Xiu Shan,Peng Yong Zhen Bian Zhu |
| 210 | @a北京@c化学工业出版社@d2002.09 | |
| 215 | @a519页@d26cm | |
| 606 | 0 | @a废物 |
| 606 | 0 | @a废物处理 |
| 606 | 0 | @a废物综合利用 |
| 690 | @aX703@v3 | |
| 701 | 0 | @a李军@ALi Jun@4编著 |
| 701 | 0 | @a杨秀山@AYang Xiu Shan@4编著 |
| 701 | 0 | @a彭永臻@APeng Yong Zhen@4编著 |
| 801 | 0 | @aCN@bPFT@c20030325 |
| 905 | @dX703@eL185 | |
| 微生物与水处理工程/李军,杨秀山,彭永臻编著.-北京:化学工业出版社,2002.09 |
| 519页;26cm |
| ISBN 7-5025-3847-X:CNY 68.00 |
| ● |
| 相关链接 |
|
|
|
正题名:微生物与水处理工程
索取号:X703/L185
 
预约/预借
| 序号 | 登录号 | 条形码 | 馆藏地/架位号 | 状态 | 备注 |
| 1 | 372112 | 203721124 | 市政与环境工程学院资料室/ [索取号:X703/L185] | 在馆 | |
| 2 | 372113 | 203721133 | 市政与环境工程学院资料室/ [索取号:X703/L185] | 在馆 |